LEADER 03514nam 2200625Ia 450 001 996217058703316 005 20230213211618.0 010 $a1-281-84083-1 010 $a9786611840839 010 $a0-470-71516-2 010 $a0-470-71485-9 035 $a(CKB)1000000000553096 035 $a(EBL)366840 035 $a(OCoLC)437234433 035 $a(SSID)ssj0001651547 035 $a(PQKBManifestationID)16425550 035 $a(PQKBTitleCode)TC0001651547 035 $a(PQKBWorkID)14977368 035 $a(PQKB)10820993 035 $a(SSID)ssj0000715085 035 $a(PQKBManifestationID)11394646 035 $a(PQKBTitleCode)TC0000715085 035 $a(PQKBWorkID)10700944 035 $a(PQKB)11435829 035 $a(MiAaPQ)EBC366840 035 $a(EXLCZ)991000000000553096 100 $a20070522d1951 uy 0 101 0 $aeng 135 $aur|n|---||||| 181 $ctxt 182 $cc 183 $acr 200 00$aCIBA Foundation conference on isotopes in biochemistry$b[electronic resource] 210 $aLondon $cJ & A Churchill, Ltd.$d1951 215 $a1 online resource (315 p.) 225 1 $aNovartis Foundation Symposia ;$vv.806 300 $aIncludes index. 311 $a0-470-71468-9 327 $aIsotopes in Biochemistry; Foreword; Contents; Opening Address; Part I-Steroids; Metabolism of 14C-labelled steroids; High cholesterol content of human spleen; The biosynthesis of radioactive cholesterol br surviving liver slices; Studies with deuterium steroids; Part II-Hbmoglobin and Metabolic Derivatives; The biosynthetic mechanism of porphyrin formation; Studies on mammaIian red cells; Preliminary investigations for a study of energy utilized by the surviving fowl erythrocyte in hsem synthesis; Iron metabolism in pathological conditions 327 $aPart III-Use of Tracers in the Study of Biological Effects of RadiationThe modification of X-ray sensitivity by chemicals; Effect of X-rays on nucleic acid and protein synthesis in the Jensen rat sarcoma; Radiation dose in tracer experiments involving auto-radiography; Synthesis of deoxyribose nucleic acid and nuclear incor- poration of 35S shown by autoradiographs; Part IV-Nucleic Acids; The biosynthesis of pyrimidines in vitro; Studies with organic- and bio-synthetic nucleosides and nucleotides; The use of radiophosphorus in the study of the nucleic acids 327 $aRate of synthesis and quantitative variations of the ribo- nucleic acid during the growth of a culture of Polytomella coecaPart V-Proteins and Amino-Acids; A method for the evaluation of the rate of protein synthesis in man; Turnover rates during formation of proteins and poly- nucleotides in regenerating tissues; Synthesis of phenylalanine and tyrosine in yeast; Part VI-Carbohydrate and Fatty Acid Metabolism; A study of acetone metabolism, using glycogen and serine as indicators, and the role of C1-compounds in metabolism; Asymmetric citric acid 327 $aMode of formation of fatty acids from acetate and glucose, as studied in the mammary gland 410 0$aNovartis Foundation Symposia 606 $aRadioisotopes in biochemistry 606 $aBiochemistry$xResearch 615 0$aRadioisotopes in biochemistry. 615 0$aBiochemistry$xResearch. 676 $a574.19 801 0$bMiAaPQ 801 1$bMiAaPQ 801 2$bMiAaPQ 906 $aBOOK 912 $a996217058703316 996 $aCIBA Foundation conference on isotopes in biochemistry$93005061 997 $aUNISA LEADER 02011nam 2200493 a 450 001 9910703062103321 005 20170711175445.0 035 $a(CKB)3460000000105701 035 $a(OCoLC)682577422 035 $a(EXLCZ)993460000000105701 100 $a20101122d2010 ua 0 101 0 $aeng 135 $aurbn||||a|||| 181 $ctxt$2rdacontent 182 $cc$2rdamedia 183 $acr$2rdacarrier 200 10$aBuilding on success$b[electronic resource] $enew directions in global health : hearing before the Committee on Foreign Relations, United States Senate, One Hundred Eleventh Congress, second session, March 10, 2010 210 1$aWashington :$cU.S. G.P.O.,$d2010. 215 $a1 online resource (iii, 44 pages) $cillustrations 225 1 $aS. hrg. ;$v111-627 300 $aTitle from title screen (viewed on Oct. 28, 2010). 300 $aPaper version available for sale by the Supt. of Docs., U.S. G.P.O. 517 $aBuilding on success 606 $aAIDS (Disease)$xPrevention$xInternational cooperation 606 $aHIV infections$xPrevention$xInternational cooperation 606 $aMalaria$xPrevention$xInternational cooperation 606 $aAIDS (Disease)$xPrevention$xGovernment policy$zUnited States 606 $aHIV infections$xPrevention$xGovernment policy$zUnited States 606 $aMalaria$xPrevention$xGovernment policy$zUnited States 606 $aWorld health 615 0$aAIDS (Disease)$xPrevention$xInternational cooperation. 615 0$aHIV infections$xPrevention$xInternational cooperation. 615 0$aMalaria$xPrevention$xInternational cooperation. 615 0$aAIDS (Disease)$xPrevention$xGovernment policy 615 0$aHIV infections$xPrevention$xGovernment policy 615 0$aMalaria$xPrevention$xGovernment policy 615 0$aWorld health. 801 0$bGPO 801 1$bGPO 801 2$bGPO 906 $aBOOK 912 $a9910703062103321 996 $aBuilding on success$93199952 997 $aUNINA